000 00370nam a2200145Ia 4500
008 180921t1968 xxu||||| ||||o00| 0 eng d
041 _aeng
245 _aCeylon Sessional Papers : Report of The Tea Commission
260 _c1968
300 _a28 cm
500 _aSessional Paper xviii-1968
942 _cBK
999 _c45598
_d45598
003 LK-CoDNM
040 _aLK-CoDNM
_dLK-CoDNM
_eLK-CoDNM